02086nam a2200217Ia 4500952009700000952009700097999001700194008004100211020001500252050002200267100002900289245009100318260003200409300003200441500009000473505115000563519006401713650004901777700003501826942000701861 00104070a11b11d2007-01-08l0oRC386 H288 1987p11 004792r2012-06-26t1w2012-06-26yLB 00104070a11b11d2007-01-08l0oRC386 H288 1987p11 004804r2012-06-26t2w2012-06-26yLB c70971d70971120626s1987 mx a 000 0 spa d a9682421829 aRC386 bH288 1987 aHarmony, Thalíaeautor aDaño cerebralb: Diagnóstico y tratamiento c/ Thalía Harmony; Alcaraz Victor M. aMéxicob: Trillasc, 1987 a376 páginasb: gráficos aIncluye: Indice de contenido, Introducción, Indice onomástico, Indice analítico aPrimera Parte. Conceptos básicos Maduración neurológica Conceptos básicos sobre hiperquinesis infantil Correlación clínico- anglográfica en el accidente vascular encefálico oclusivo Segunda Parte. Evaluación electrofisiológica Evlauación electrofisiológica del daño cerebral Integración cerebral del sueño normal y patológico: hipnografía Fundamentos estadísticos de la neurometría Evaluación neurométrica de pacientes neurológicos Evaluación neurométrica de las disfunciones cognitivas Evaluación del daño cerebral: aspectos neuropsicológicos La batería de test de Tartú modificada en la detección de daño cerebral. Un estudio clínico experimental Cuarta Parte. Técnicas de tratamiento El EDTA en el tratamiento del accidente vascular encefálico oclusivo El concepto de aferentación en retorno y la recuperación de funciones perdidas por daño cerebral Análisis del efecto placebo Procedimientos de observación conductual para la determinación de deficiencias La intervención conductual en el tratamiento de la hiperactividad  aMaterial Complementario/ bPsicología / d(11 004792)  0aDAÑO CEREBRALxDIAGNÓSTICO Y TRATAMIENTO aAlcaraz Víctor Manueleautor cLB